The love poems and sonnets

Guardat en:
Dades bibliogràfiques
Autor principal: Shakespeare, William
Format: Llibre
Idioma:Undetermined
Publicat: New York, Estados Unidos Hanover House 1957
Matèries:
Etiquetes: Afegir etiqueta
Sense etiquetes, Sigues el primer a etiquetar aquest registre!

MARC

LEADER 00000nam a2200000Ia 4500
008 170316s9999 xx 000 0 und d
040 |a cru BVZT 
090 |a 820 S-5Lo 
100 |a Shakespeare, William 
245 4 |a The love poems and sonnets 
260 |a New York, Estados Unidos 
260 |b Hanover House 
260 |c 1957 
300 |a 160 páginas 
650 |a LITERATURA INGLESA 
999 |c 7143  |d 7143 
942 |c 15 D  |h 820 S-5Lo  |2 z